000
00266pam a2200121 a 4500
020
_c
041
_a
eng
100
_a
Fearnisiden.
245
_a
Geology In The Semmar
_h
Textual Documents
260
_a
New York
_b
Penguin Books Ltd
300
_a
164p.
930
_a
15309
999
_c
92209
_d
92209